|
|
|
|
| LEADER |
00716nam a2200181 a 4500 |
| 001 |
00023707 |
| 008 |
111016s2011 bg ar 0 0fre d |
| 040 |
|
|
|a BD-DhAAL
|c BD-DhAAL
|
| 082 |
0 |
0 |
|a 384.64025
|2 22
|
| 245 |
0 |
0 |
|a BDTEL Yellow pages 2011
|h [telephone book]
|
| 260 |
|
|
|a Dhaka :
|b BDTEL Yellow Pages (PVT)Ltd.
|c 2011
|
| 300 |
|
|
|a v.(various pagings) :
|b ill ;
|c 29
|
| 541 |
|
|
|e 00023707
|
| 650 |
|
0 |
|a Telephone
|v Directories.
|
| 710 |
2 |
|
|a BDTEL Yellow Pages (PVT)Ltd.
|
| 852 |
4 |
|
|a Ayesha Abed Library
|j General shelf
|
| 999 |
|
|
|c 11322
|d 11322
|
| 952 |
|
|
|0 0
|1 0
|2 ddc
|4 0
|6 384_640250000000000_BDT
|7 0
|9 18403
|a BRACUL
|b BRACUL
|c GEN
|d 2010-02-08
|e Development Book Agency
|g 800.00
|l 0
|o 384.64025 BDT
|p 3010023707
|r 2011-10-16
|t 1
|w 2011-10-16
|y BK
|